00523nam a2200193 a 4500001001300000003000900013005001700022008004100039020001200080082001500092100002100107245004900128260004000177300000900217500003500226505001000261650003700271700002100308nice12345678IN_TiNIC20260116013509.0050524s1964 newa grp 000 0 eng  ac171.500a261.2bMCK aMc Kain, David W aChristianityb Some Non-Christian Appraisals aNew YorkbMcgraw-Hill Book Coc1964 a289p aincludes index and biblioraphy2 aNotes aChristianity and Other Religions1 aMc Kain, David W